| 000 | 00551nam a2200217 a 4500 | ||
|---|---|---|---|
| 999 |
_c4928 _d4928 |
||
| 001 | 4928 | ||
| 003 | BD-JhCC | ||
| 005 | 20171207182948.0 | ||
| 008 | 171205s1967 uk||||| |||| 00| 0 eng d | ||
| 035 | _a(BD-JhCC)4928 | ||
| 040 |
_aBD-JhCC _dBD-JhCC |
||
| 041 | _aeng | ||
| 082 |
_a421 _bSPE 1967 |
||
| 100 | _aSpencer, D. H | ||
| 245 |
_aEnglish Conversation practice / _cD. H Spencer |
||
| 260 |
_aLondon : _bOxford University press, _c1967. |
||
| 300 |
_a42 p. : _c18 cm. |
||
| 650 | _aEnglish conversation | ||
| 942 |
_2ddc _cBK |
||